Sports Quiz

Random Sports or Basketball Quiz

Atlanta Hawks All-Time Leaders Quiz Stats

 Plays Quiz Updated May 17, 2018

Challenge
Share
Tweet
Embed
Score 0/50 Timer 06:00
6 Plays Today
% Correct
Dominique Wilkins
93%
Dominique Wilkins
93%
Dominique Wilkins
93%
Dominique Wilkins
92.9%
Al Horford
86.2%
Dominique Wilkins
80.2%
Joe Johnson
78.8%
Eddie Johnson
77.9%
Eddie Johnson
77.9%
Eddie Johnson
77.9%
Josh Smith
76.8%
Josh Smith
76.8%
Josh Smith
76.8%
Josh Smith
76.8%
Al Horford
76.5%
Jeff Teague
76.1%
Joe Johnson
71.5%
Dikembe Mutombo
58.2%
Bob Pettit
58.2%
Bob Pettit
58.2%
Bob Pettit
58.1%
Kevin Willis
46.9%
Kevin Willis
46.9%
Kevin Willis
46.9%
Jeff Teague
46%
% Correct
Doc Rivers
44.4%
Doc Rivers
44.4%
Mookie Blaylock
42.5%
Mookie Blaylock
42.5%
Jason Terry
40.7%
Tree Rollins
34.6%
Tree Rollins
34.6%
Lou Hudson
31%
Jason Terry
29.4%
Lenny Wilkens
29.2%
Kevin Willis
27.2%
Stacey Augmon
20.9%
Cliff Hagan
16.1%
Cliff Hagan
16.1%
Cliff Hagan
16.1%
Jon Koncak
15.8%
John Drew
14.9%
John Drew
14.9%
Theo Ratliff
13.5%
Dan Roundfield
12.9%
Dan Roundfield
12.9%
Zelmo Beaty
8.7%
Zelmo Beaty
8.7%
Bill Bridges
8.3%
Cliff Levingston
6.4%

You're not logged in!

Compare scores with friends on all Sporcle quizzes.
Join for Free
OR
Log In

You Might Also Like...

Show Comments

Extras

Top Quizzes Today


Score Distribution

Your Account Isn't Verified!

In order to create a playlist on Sporcle, you need to verify the email address you used during registration. Go to your Sporcle Settings to finish the process.

Report this User

Report this user for behavior that violates our Community Guidelines.

Details: